| 000 | 04084nam a2200253 4500 | ||
|---|---|---|---|
| 003 | NALT | ||
| 005 | 20250922092648.0 | ||
| 008 | 250918b th ||||| |||| 00| 0 tha d | ||
| 040 | _aNALT | ||
| 090 |
_aKC 41 _bร145 2568 |
||
| 245 | 0 | 0 |
_aหนังสือรพีพัฒนศักดิ์ สำนักวิชานิติศาสตร์ มหาวิทยาลัยแม่ฟ้าหลวง ประจำปี พ.ศ. 2568 = _bThe puzzle of sovereignty / _cองค์กรยุวชนนิติศาสตร์ สำนักวิชานิติศาสตร์ มหาวิทยาลัยแม่ฟ้าหลวง ; บรรณาธิการ ณัฐดนัย นาจันทร์. |
| 260 |
_aม.ป.ท. : _bองค์กรยุวชนนิติศาสตร์ สำนักวิชานิติศาสตร์ มหาวิทยาลัยแม่ฟ้าหลวง, _c2568. |
||
| 300 |
_a193 หน้า : _bภาพประกอบ ; _c24 ซม. |
||
| 505 | 2 | _aบทสัมภาษณ์ -- กฎหมายระหว่างประเทศกับปัญหาเขตแดน / (อาจารย์ ดร. ยิ่งยศ บุญจันทร์) -- การตีความสนธิสัญญาและบทบาทของศาลยุติธรรมระหว่างประเทศ (ICJ) / (อาจารย์เพชรณพัฒน์ ศรีวุทธิยประภา) -- การตีความสนธิสัญญาและบทบาทของศาลยุติธรรมระหว่างประเทศ (ICJ) / (อาจารย์ประดิภา สุวรรณรัตน์) -- บทความวิชาการ -- พันธกรณีของรัฐ 3 ประเภท ภายใต้กฎหมายสิทธิมนุษย์ชนระหว่างประเทศ / (อาจารย์ ดร.นิติ จันจิระสกุล) -- การแบ่งเขตไหล่ทวีปภายใต้กฎหมายทะเลระหว่างประเทศ : ศึกษาจากแนวคำวินิจฉัยของศาลยุติธรรมระหว่างประเทศ และศาลกฎหมายทะเลระหว่างประเทศ / (อาจารย์ประดิภา สุวรรณรัตน์) -- อำนาจทางกฎหมายของแผนที่เขตแดนในกฎหมายระหว่างประเทศ / (อาจารย์เพชรณพัฒน์ ศรีวุทธิยประภา) -- ความสำคัญของเส้นเขตแดนและบริเวณพรมแดนบนดาวโลก ดวงจันทร์ และดวงดาวอื่นในมุมมองของกฎหมายระหว่างประเทศ / (รองศาสตราจารย์ ดร.ชูเกียรติ น้อยฉิม) -- ตัวอย่างข้อสอบ. | |
| 600 | 0 | 4 |
_aรพีพัฒนศักดิ์ กรมหลวงราชบุรีดิเรกฤทธิ์, _cพระเจ้าบรมวงศ์เธอ พระองค์เจ้า, _d2417-2763 _930379 |
| 650 | 4 |
_aกฎหมาย _zไทย _94701 |
|
| 700 | 0 |
_aณัฐดนัย นาจันทร์ _966598 |
|
| 710 | 2 |
_aมหาวิทยาลัยแม่ฟ้าหลวง. _bสำนักวิชานิติศาสตร์. องค์กรยุวชนนิติศาสตร์. _966599 |
|
| 942 |
_2local _cLB |
||
| 996 |
_ajidapa.t _bACQSTF _c2025-09-18 |
||
| 996 |
_avaree.k _bLIBSTF _c2025-09-19 |
||
| 996 |
_asaiphon.d _bCATSTF _c2025-09-22 |
||
| 999 |
_c107218 _d107218 |
||
| 998 |
_j104 _k นางสาวสายฝน ดีงาม |
||